Estadísticas para Cosechas Principales de EE. UU.

Haz click aquí para tomar la prueba!

Estadísticas generales

  • Esta prueba ha sido tomada 35 veces
  • La puntuación promedio es 12 de 25

Estadísticas de respuestas

Valor en $Cambio
desde 1997
Cosecha% Correcto
10.2+ 18%Trigo
97%
49.0+ 96%Maíz
88%
1.96+ 1%Naranja
84%
2.86+ 69%Manzana
78%
2.67+ 44%Tomate
78%
1.12+ 22%Cebada
72%
3.86- 38%Algodón
69%
5.82+ 116%Uva
59%
2.22+ 144%Fresa
56%
2.96+ 85%Lechuga
56%
2.58+ 49%Arroz
53%
1.19+ 28%Maní
50%
34.5+ 95%Soya
50%
1.06+ 33%Caña de azúcar
47%
5.89+ 445%Almendra
41%
0.993+ 53%Cebolla
41%
1.43- 53%Tabaco
41%
3.85+ 48%Papa
38%
1.84+ 426%Nuez
31%
2.08+ 43%Sorgo
31%
16.8+ 25%Heno
25%
1.44+ 20%Remolacha azucarera
19%
0.919- 7%Brócoli
13%
1.59+ 683%Pistacho
9%
1.23+ 61%Seta
3%

Distribución de puntuación

Porcentaje por número respondido

Porcentaje de gente con cada puntuación

Historial de tus puntuaciones

No has tomado esta prueba